| 000 | 00405nam a22001577a 4500 | ||
|---|---|---|---|
| 005 | 20200619132817.0 | ||
| 008 | 200619b xxu||||| |||| 00| 0 eng d | ||
| 041 | _aeng | ||
| 082 | _a345.4 | ||
| 110 |
_aALL INDIA REPORTER _96213 |
||
| 245 | _aLABOUR AND INDUSTRIAL CASES [1994] LSB-I-C | ||
| 260 |
_aMUMBAI _bALL INDIA REPORTER Pvt.Ltd. _c1994 |
||
| 300 | _a1349p. | ||
| 650 |
_aLAW _95701 |
||
| 942 | _cJRL | ||
| 999 |
_c7308 _d7306 |
||